[Event "Moscow Open 2009 C"]
[Site "?"]
[Date "2009.02.01"]
[Round "2.32"]
[White "Blokhina, Elvira"]
[Black "Ivkina, Olga"]
[Result "1/2-1/2"]
[WhiteElo "1996"]
[BlackElo "2268"]
[Annotator ""]
[Source ""]
[Remark ""]

1.d4 Nf6 2.c4 g6 3.Nc3 Bg7 4.e4 d6 5.Nf3 O-O 6.Be2 Na6 7.O-O
e5 8.dxe5 dxe5 9.Qxd8 Rxd8 10.Bg5 Re8 11.Rad1 h6 12.Bc1 c6 13.a3
Nc5 14.Nd2 a5 15.b4 axb4 16.axb4 Ne6 17.Nb3 Nd4 18.Nxd4 exd4
19.Rxd4 Nd5 20.Nxd5 Bxd4 21.Nc7 Rxe4 22.Bf3 Bxf2+ 23.Kxf2 Ra2+
24.Kg3 Re7 25.Bf4 g5 26.Bd6 Re3 27.h3 h5 28.Bc5 Rc3 29.Ne8 f5
30.Kh2 Rcc2 31.Nf6+ Kf7 32.Nxh5 Be6 33.Re1 f4 34.Re5 b6 35.Bd6
Rc3 36.Rxg5 Rxf3 37.Rg7+ Ke8 38.Re7+ Kd8 39.Rxe6 Re3 40.Rxe3
fxe3 41.Bg3 Ra4 42.c5 bxc5 43.bxc5 e2 44.Bf2 Ra1 45.Kg3 e1Q 46.Bxe1
Rxe1 47.Kf4 Rc1 48.Ng7 Ke7 49.Nf5+ Ke6 50.g4 Rxc5 51.h4 Rc1 52.Kg5
c5 53.h5 c4 54.Kg6 Rh1 55.h6 c3 56.h7 Kd5 57.Nh6 c2 58.h8Q c1Q
59.Qd8+ Ke4 60.Qe7+ Kf3 61.Qb7+ 1/2-1/2

[Event "Moscow Open 2009 C"]
[Site "?"]
[Date "2009.02.01"]
[Round "2.37"]
[White "Tomilova, Elena"]
[Black "Beliaeva, Natalia"]
[Result "1-0"]
[WhiteElo "2300"]
[BlackElo "2004"]
[Annotator ""]
[Source ""]
[Remark ""]

1.e4 c6 2.d4 d5 3.Nc3 dxe4 4.Nxe4 Nd7 5.Ng5 Ndf6 6.Bc4 e6 7.Ne2
Bd6 8.O-O Qc7 9.Nf3 Ne7 10.b3 O-O 11.Bb2 Rd8 12.Ng3 Ng6 13.Re1
b5 14.Bf1 Bb7 15.c4 bxc4 16.Bxc4 c5 17.Rc1 Bf4 18.Rc2 Rac8 19.Qe2
Qb8 20.dxc5 Rxc5 21.Nd4 Re5 22.Qf1 Rxe1 23.Qxe1 Be5 24.Rd2 Nf4
25.Nc6 1-0

[Event "Moscow Open 2009 C"]
[Site "?"]
[Date "2009.02.01"]
[Round "2.38"]
[White "Abylkassymova, Raushan"]
[Black "Manakova., Maria"]
[Result "0-1"]
[WhiteElo "1892"]
[BlackElo "2299"]
[Annotator ""]
[Source ""]
[Remark ""]

1.d4 d5 2.Nf3 Nf6 3.g3 e6 4.Bg2 Bd6 5.O-O O-O 6.c4 c6 7.Nc3 b6
8.Re1 Nbd7 9.Bg5 h6 10.Bf4 Qc7 11.e3 dxc4 12.Bxd6 Qxd6 13.e4
Qc7 14.Nd2 b5 15.a4 b4 16.Na2 b3 17.Nc3 Ba6 18.Bf1 c5 19.Nxc4
Bxc4 20.Bxc4 cxd4 21.Qxd4 Rad8 22.Nb5 Ne5 23.Qc3 Qc5 24.Rac1
Neg4 25.Qf3 Rd2 26.Be2 Rc2 27.Rb1 Nxe4 28.Qxg4 Qxf2+ 29.Kh1 Qxe1+
30.Rxe1 Nf2+ 31.Kg1 Nxg4 32.Bxg4 a6 33.Nd4 Rxb2 34.Rf1 Rd8 35.Nc6
Rdd2 36.Ne7+ Kf8 37.Ng6+ Ke8 0-1

[Event "Moscow Open 2009 C"]
[Site "?"]
[Date "2009.02.01"]
[Round "2.39"]
[White "Petrukhina, Irina"]
[Black "Strutinskaya, Galina N"]
[Result "1/2-1/2"]
[WhiteElo "1905"]
[BlackElo "2291"]
[Annotator ""]
[Source ""]
[Remark ""]

1.d4 f5 2.c4 Nf6 3.g3 e6 4.Bg2 c6 5.Qc2 d5 6.Nh3 Be7 7.O-O O-O
8.b3 Na6 9.Bb2 Bd7 10.Nd2 Ng4 11.a3 Qe8 12.Qd3 Qh5 13.f3 Nh6
14.e4 fxe4 15.fxe4 Ng4 16.Rae1 Rae8 17.Qe2 Nc7 18.Rxf8+ Rxf8
19.exd5 cxd5 20.Rf1 Bd6 21.Rxf8+ Bxf8 22.Nf3 Qf5 23.Nf4 Qb1+
24.Ne1 Nf6 25.Nfd3 Be8 26.Nf4 Bf7 27.h3 Bd6 28.Kh2 Qf5 29.Nfd3
Bh5 30.Qf2 Ne4 31.Bxe4 Qxe4 32.c5 Be7 33.Ne5 Bf6 34.N1d3 Be2
35.Nf4 Bd1 36.b4 Qb1 37.Qd2 Bxe5 38.dxe5 Bf3 39.Qc1 Qe4 40.Qd2
Qb1 41.Qc1 Qf5 42.Qd2 Be4 43.Qe2 Bb1 44.b5 g5 45.Nh5 Bd3 46.Qe3
Bxb5 47.Nf6+ Kf7 48.Bc1 Qc2+ 49.Bd2 h6 50.h4 gxh4 51.gxh4 Qf5
52.Qxh6 Qxe5+ 53.Bf4 Qb2+ 54.Kh1 Qb1+ 55.Kh2 Qc2+ 56.Kh1 Na6
57.Qh5+ Qg6 58.Qxg6+ Kxg6 59.Be5 Nxc5 60.Kg2 Nd3 61.Bc3 Bc6 62.Kg3
e5 63.Ng4 d4 64.Nxe5+ Nxe5 65.Bxd4 Nc4 66.Bxa7 Nxa3 67.Kg4 Bd7+
68.Kf4 Nc4 69.Ke4 Bc6+ 70.Kd4 Nd6 71.Bc5 Nf5+ 72.Kc4 Nxh4 73.Kb4
Kf5 74.Kc4 Ke4 75.Bb6 Nf5 76.Bc5 Bd5+ 77.Kb4 Nd4 78.Kc3 Ne6 79.Bb6
Nf8 80.Kb4 Nd7 81.Bg1 Kd3 82.Ba7 Bc4 83.Bf2 b5 84.Be1 Nf6 85.Ka3
Nd5 86.Ba5 Kc2 87.Be1 Bd3 1/2-1/2

[Event "Moscow Open 2009 C"]
[Site "?"]
[Date "2009.02.01"]
[Round "2.41"]
[White "Fatalibekova, Elena"]
[Black "Nagornaya, Polina"]
[Result "1-0"]
[WhiteElo "2243"]
[BlackElo "1907"]
[Annotator ""]
[Source ""]
[Remark ""]

1.d4 Nf6 2.Nf3 e6 3.c4 b6 4.Nc3 Bb4 5.Qc2 Bb7 6.e3 Ne4 7.Bd3
f5 8.Bd2 O-O 9.Nxe4 fxe4 10.Bxe4 Bxe4 11.Qxe4 Bxd2+ 12.Nxd2 Nc6
13.O-O Rf6 14.d5 Ne7 15.Nf3 exd5 16.cxd5 Nf5 17.Rac1 Rc8 18.Qd3
c5 19.e4 Ne7 20.e5 Rg6 21.d6 Nc6 22.Qd5+ Kh8 23.a3 h6 24.b4 cxb4
25.axb4 Re6 26.b5 Nb4 27.Qb3 a5 28.bxa6 Nxa6 29.Rxc8 Qxc8 30.Qxb6
Nb8 31.Qc7 Qe8 32.Rc1 Kh7 33.h3 1-0

[Event "Moscow Open 2009 C"]
[Site "?"]
[Date "2009.02.01"]
[Round "2.42"]
[White "Airapetian, Tatevik"]
[Black "Chukhlantseva, Anna"]
[Result "1-0"]
[WhiteElo "2145"]
[BlackElo "1842"]
[Annotator ""]
[Source ""]
[Remark ""]

1.e4 c5 2.Nf3 e6 3.d4 cxd4 4.Nxd4 a6 5.Bd3 Bc5 6.Nb3 Ba7 7.O-O
d6 8.Qe2 Nf6 9.c4 Nbd7 10.Nc3 O-O 11.Be3 Bxe3 12.Qxe3 Qc7 13.Nd4
Ne5 14.b3 Nfg4 15.Qe2 d5 16.exd5 Nxd3 17.Qxg4 exd5 18.Nxd5 Qxh2+
19.Kxh2 Bxg4 20.f3 Bd7 21.Rad1 Nc5 22.b4 Ne6 23.Nb6 Rad8 24.Nxd7
Rxd7 25.Nxe6 Rxd1 26.Rxd1 fxe6 27.c5 h6 28.Rd6 Rf6 29.Rb6 Rf7
30.Rxe6 Rc7 31.Kg3 a5 32.a3 axb4 33.axb4 Kf7 34.Rd6 Re7 35.Kf4
Ke8 36.Kf5 Kf7 37.b5 Rc7 38.c6 bxc6 39.Rxc6 Ra7 40.b6 Ra5+ 41.Ke4
Rb5 42.Rc7+ Kf6 43.b7 h5 44.Kd4 g5 45.Kc4 Rb2 46.Kd5 g4 47.fxg4
hxg4 48.Kc6 Kf5 49.Rf7+ Ke6 50.Rg7 Rc2+ 51.Kb6 Rb2+ 52.Kc7 Rc2+
53.Kd8 Rd2+ 54.Kc8 Rc2+ 55.Rc7 1-0

[Event "Moscow Open 2009 C"]
[Site "?"]
[Date "2009.02.01"]
[Round "2.43"]
[White "Niks, Yana"]
[Black "Kharmunova, Nadejda"]
[Result "1-0"]
[WhiteElo "1885"]
[BlackElo "2140"]
[Annotator ""]
[Source ""]
[Remark ""]

1.e4 c5 2.Nf3 Nc6 3.d4 cxd4 4.Nxd4 Qb6 5.Nb3 Nf6 6.Bd3 e6 7.Be3
Qc7 8.O-O Be7 9.f4 d6 10.c3 b6 11.N1d2 Bb7 12.Bc2 O-O 13.Nf3
Rac8 14.Rc1 b5 15.Qd3 Rfd8 16.Qe2 a6 17.Nfd4 Nb8 18.Bf2 Nbd7
19.Nf3 e5 20.f5 d5 21.exd5 Nxd5 22.Bg3 Bd6 23.Ng5 N7f6 24.Ne4
Nxe4 25.Bxe4 f6 26.Qf3 Qf7 27.Rcd1 Bf8 28.Rd2 b4 29.Rfd1 bxc3
30.bxc3 Nxc3 31.Bxb7 e4 32.Bxc8 Rxc8 33.Qe3 Nxd1 34.Rxd1 Qb7
35.Qd4 Kh8 36.Qd7 Qb6+ 37.Bf2 Qb8 38.Na5 Rc2 39.Qd4 h6 40.Qxe4
Rxf2 41.Kxf2 Qb6+ 42.Kg3 Qxa5 43.Qe8 Qc3+ 44.Kh4 Qb4+ 45.Kh3
Qc5 46.Qe6 Kh7 47.Rd8 a5 48.Qc8 Qe3+ 49.g3 Qf3 50.Qe6 Qf1+ 51.Kh4
Qb5 52.Qd5 Qb4+ 53.Kh3 h5 54.Qf3 Kh6 55.Qf4+ Kh7 56.Qxb4 Bxb4
57.Kh4 g6 58.fxg6+ Kxg6 59.Rh8 1-0

[Event "Moscow Open 2009 C"]
[Site "?"]
[Date "2009.02.01"]
[Round "2.46"]
[White "Akatova, Ekaterina"]
[Black "Urbanaites, Elvira"]
[Result "1-0"]
[WhiteElo "2261"]
[BlackElo "1857"]
[Annotator ""]
[Source ""]
[Remark ""]

1.e4 e5 2.Nf3 f5 3.Nxe5 Nc6 4.Nxc6 dxc6 5.Nc3 Bc5 6.Bd3 Qd4 7.O-O
f4 8.Ne2 Qf6 9.Nxf4 g6 10.g3 Qe5 11.Bc4 Nf6 12.c3 Bg4 13.Qc2
Bb6 14.d4 Qe7 15.e5 Nh5 16.Nxg6 Qg7 17.Nxh8 Qxh8 18.Qe4 Qg7 19.Bh6
Qd7 20.e6 1-0

[Event "Moscow Open 2009 C"]
[Site "?"]
[Date "2009.02.01"]
[Round "2.47"]
[White "Rjanova, Valery"]
[Black "Anu, Bayar"]
[Result "1-0"]
[WhiteElo "2113"]
[BlackElo "1830"]
[Annotator ""]
[Source ""]
[Remark ""]

1.e4 c5 2.Nf3 d6 3.d4 cxd4 4.Nxd4 Nf6 5.Nc3 g6 6.Be3 Bg7 7.f3
O-O 8.Qd2 Nc6 9.Bc4 Bd7 10.O-O-O Rb8 11.h4 b5 12.Ndxb5 Qa5 13.Nd4
Qb4 14.Bb3 Na5 15.Nce2 Nxb3+ 16.cxb3 Rfc8+ 17.Kb1 Qb7 18.g4 a5
19.Nc3 Ra8 20.a4 Rc5 21.Ndb5 Rxb5 22.Nxb5 Bxb5 23.axb5 a4 24.Qb4
axb3 25.Qxb3 Ra5 26.b6 Nxe4 27.Qb4 Nc3+ 28.bxc3 Qa6 29.b7 Ra1+
30.Kc2 Qa2+ 31.Qb2 Qa4+ 32.Kd2 Bxc3+ 33.Qxc3 Ra2+ 34.Ke1 Qb5
35.Qd3 Qxb7 36.Bd4 Qb4+ 37.Bc3 Qf4 38.Bd2 Qe5+ 39.Kf1 Qg3 40.h5
e5 41.hxg6 hxg6 42.Qb3 Ra8 43.Bg5 e4 44.Bf6 1-0

[Event "Moscow Open 2009 C"]
[Site "?"]
[Date "2009.02.01"]
[Round "2.48"]
[White "Butneva, Larisa"]
[Black "Larina, Marija"]
[Result "0-1"]
[WhiteElo "1875"]
[BlackElo "2109"]
[Annotator ""]
[Source ""]
[Remark ""]

1.e4 c5 2.Nc3 Nc6 3.f4 e6 4.Bc4 g6 5.Nf3 Bg7 6.O-O Nge7 7.Qe1
O-O 8.e5 f6 9.d3 fxe5 10.fxe5 Qc7 11.Bg5 Nf5 12.Bf4 a6 13.a4
Nfd4 14.Nxd4 cxd4 15.Ne2 Nxe5 16.Bb3 Qc5 17.Qg3 b6 18.Rf2 Bb7
19.Re1 Rf5 20.c3 Nf7 21.cxd4 Qb4 22.Ref1 Qxb3 23.Qe3 Qxa4 24.g4
Qc6 25.Ng3 Rd5 0-1

[Event "Moscow Open 2009 C"]
[Site "?"]
[Date "2009.02.01"]
[Round "2.49"]
[White "Khropova, Larisa"]
[Black "Vanchikova, Dulma"]
[Result "1-0"]
[WhiteElo "2060"]
[BlackElo "1799"]
[Annotator ""]
[Source ""]
[Remark ""]

1.f4 Nc6 2.Nf3 d6 3.e3 a6 4.b3 Bg4 5.Bb2 f6 6.Be2 e5 7.fxe5 dxe5
8.Nc3 Bc5 9.O-O Nge7 10.Nh4 Bxe2 11.Qxe2 O-O 12.Qc4+ Kh8 13.Qxc5 1-0

[Event "Moscow Open 2009 C"]
[Site "?"]
[Date "2009.02.01"]
[Round "2.50"]
[White "Eryshkanova, Anastasiya"]
[Black "Vasiukova, Ekaterina"]
[Result "1-0"]
[WhiteElo "2055"]
[BlackElo "1762"]
[Annotator ""]
[Source ""]
[Remark ""]

1.e4 c6 2.d4 d5 3.e5 Bf5 4.h4 h6 5.Nd2 e6 6.Nb3 Nd7 7.Nf3 Qc7
8.Be3 c5 9.c3 c4 10.Nc1 b5 11.Qd2 Rb8 12.b4 Nb6 13.Be2 Ne7 14.Bd1
Nc6 15.O-O Be7 16.Ne2 Qd8 17.g3 Bh3 18.Re1 Bf5 19.Nf4 Be4 20.Nh5
Bf8 21.Nh2 Bg6 22.Nf4 Bh7 23.Ng4 a6 24.a3 Bf5 25.Nh5 Kd7 26.Nh2
Bd3 27.Bf3 Na4 28.Ra2 Ne7 29.Bd1 Nb6 30.a4 Nc6 31.axb5 axb5 32.Bf3
Ra8 33.Rea1 Rxa2 34.Qxa2 Qc7 35.Qa6 Na4 36.Bd2 Qb8 37.Nf4 Bc2
38.Nxd5 exd5 39.Bxd5 Nd8 40.Bf4 Qc8 41.Qxb5+ Ke7 42.Rxa4 Bxa4
43.Qxa4 Qd7 44.Qxd7+ Kxd7 45.Bxc4 Ne6 46.Be3 Nd8 47.Nf3 f6 48.Kf1
Be7 49.Ke2 Nb7 50.Bd5 Nd8 51.Kd3 Rf8 52.b5 Kc7 53.c4 fxe5 54.Nxe5
Bb4 55.b6+ Kc8 56.c5 Re8 57.Nc4 Rxe3+ 58.Kxe3 Nb7 59.Bxb7+ Kxb7
60.Nd6+ 1-0

[Event "Moscow Open 2009 C"]
[Site "?"]
[Date "2009.02.01"]
[Round "2.51"]
[White "Zakharova, Lidiya"]
[Black "Goryachkina, Aleksandra"]
[Result "0-1"]
[WhiteElo "1860"]
[BlackElo "2020"]
[Annotator ""]
[Source ""]
[Remark ""]

1.d4 f5 2.g3 g6 3.Bg2 Nf6 4.c4 Bg7 5.Nc3 d6 6.Nf3 O-O 7.O-O Nc6
8.e3 e5 9.d5 Ne7 10.e4 f4 11.Ng5 h6 12.Ne6 Bxe6 13.dxe6 g5 14.Bh3
h5 15.g4 hxg4 16.Bxg4 Qe8 17.h3 Qc6 18.Qe2 Nxg4 19.Qxg4 Qxc4
20.Qxg5 Qxe6 21.Qg4 Qh6 22.Kh2 Rad8 23.Bd2 Rf6 24.Qf3 Kf7 25.Rg1
Rh8 26.Rg3 fxg3+ 27.Qxg3 Qxd2 0-1

[Event "Moscow Open 2009 C"]
[Site "?"]
[Date "2009.02.01"]
[Round "2.52"]
[White "Grigoryeva, Olga A"]
[Black "Pylaeva, Ekaterina"]
[Result "1/2-1/2"]
[WhiteElo "2015"]
[BlackElo "1676"]
[Annotator ""]
[Source ""]
[Remark ""]

1.d4 Nf6 2.c4 e6 3.Nc3 Bb4 4.f3 d5 5.a3 Bxc3+ 6.bxc3 c5 7.cxd5
Nxd5 8.Qd3 b6 9.e4 Ba6 10.c4 Ne7 11.d5 exd5 12.exd5 O-O 13.Bb2
Re8 14.O-O-O Ng6 15.Qc3 f6 16.Nh3 Qd6 17.Kb1 Nd7 18.Nf2 Qf4 19.Ne4
Nge5 20.Be2 Rab8 21.a4 Nf7 22.g3 Qf5 23.Ka1 Nde5 24.h4 Qd7 25.Qb3
Nd6 26.Nxd6 Qxd6 27.f4 Nf7 28.Bg4 Re4 29.Rc1 Rbe8 30.Be6 Kf8
31.Rhd1 Bc8 32.f5 Ba6 33.Rd3 Ne5 34.Bxe5 Qxe5+ 35.Ka2 Re2+ 36.Rc2
Re1 37.Qb2 Qe4 38.Rdc3 Qg4 39.d6 Bb7 40.d7 Rd8 41.Rd2 Be4 42.Rf2
Bc6 43.a5 Qd1 44.axb6 axb6 45.Ra3 Be4 46.Rd2 Qb1+ 47.Qxb1 Bxb1+
48.Kb2 Be4 49.Ra7 Rb1+ 50.Ka2 Rb4 51.g4 b5 52.cxb5 Rxb5 53.g5
fxg5 54.hxg5 Rb4 55.Rh2 Rd4 56.Rxh7 Rd2+ 57.Kb3 Rb8+ 58.Ka3 Rd3+
59.Ka2 Rd2+ 60.Ka3 Rd3+ 61.Ka2 1/2-1/2

[Event "Moscow Open 2009 C"]
[Site "?"]
[Date "2009.02.01"]
[Round "2.53"]
[White "Mukhina, Marina"]
[Black "Baraeva, Marina"]
[Result "0-1"]
[WhiteElo "1851"]
[BlackElo "2009"]
[Annotator ""]
[Source ""]
[Remark ""]

1.d4 d5 2.Nf3 Nf6 3.c4 c6 4.e3 Bg4 5.Nc3 e6 6.Bd3 Nbd7 7.h3 Bxf3
8.Qxf3 Bb4 9.O-O O-O 10.a3 Ba5 11.b4 Bc7 12.Rd1 Re8 13.e4 e5
14.exd5 exd4 15.Ne4 cxd5 16.Nxf6+ Nxf6 17.cxd5 Qxd5 18.Qxd5 Nxd5
19.Bb2 Bb6 20.Bb5 Re4 21.Rd2 Rd8 22.Rad1 Nc7 23.Be2 Re7 24.Bg4
d3 25.Rxd3 Rxd3 26.Rxd3 Re1+ 27.Kh2 Bxf2 28.Rd7 Bb6 29.Rd8+ Re8
30.Rxe8+ Nxe8 31.Be5 Bc7 32.Bxc7 Nxc7 33.Bf3 b6 34.a4 Na6 35.b5
Nc5 36.Bd1 f6 37.Kg3 Kf7 38.Bc2 g6 39.Kf3 Ke6 40.Ke3 Ke5 0-1

[Event "Moscow Open 2009 C"]
[Site "?"]
[Date "2009.02.01"]
[Round "2.54"]
[White "Fastova, Tatiana"]
[Black "Vasiukova, Renata D"]
[Result "1-0"]
[WhiteElo "2005"]
[BlackElo "1574"]
[Annotator ""]
[Source ""]
[Remark ""]

1.e4 c6 2.d4 d6 3.Nc3 a6 4.Be3 Nf6 5.a4 Nbd7 6.f3 e5 7.Nge2 Be7
8.Ng3 d5 9.exd5 Nxd5 10.Nxd5 cxd5 11.Qd2 Bf6 12.O-O-O b5 13.Nh5
e4 14.fxe4 dxe4 15.g4 h6 16.h4 Rg8 17.g5 hxg5 18.hxg5 Be7 19.Bg2
f5 20.gxf6 Nxf6 21.Nxf6+ Bxf6 22.Bxe4 Ra7 23.Bg6+ Kf8 24.d5 Rd7
25.Bc5+ Rd6 26.Qf4 Ke7 27.Rde1+ 1-0

[Event "Moscow Open 2009 C"]
[Site "?"]
[Date "2009.02.01"]
[Round "2.56"]
[White "Kaydanovich, Marina"]
[Black "Baraeva, Irina"]
[Result "0-1"]
[WhiteElo "1843"]
[BlackElo "1997"]
[Annotator ""]
[Source ""]
[Remark ""]

1.e4 c5 2.Nf3 a6 3.d4 cxd4 4.Nxd4 Nf6 5.Nc3 e5 6.Nb3 Bb4 7.Qd3
d5 8.exd5 Nxd5 9.Bd2 Bxc3 10.bxc3 O-O 11.O-O-O Nc6 12.g3 Bg4
13.f3 Bh5 14.Bg2 Bg6 15.Qf1 Qe7 16.Kb2 Nb6 17.f4 Na4+ 18.Kb1
Qa3 0-1

[Event "Moscow Open 2009 C"]
[Site "?"]
[Date "2009.02.01"]
[Round "2.57"]
[White "Semenova, Anastasia"]
[Black "Pischurina, Ekaterina"]
[Result "1/2-1/2"]
[WhiteElo "1840"]
[BlackElo "1991"]
[Annotator ""]
[Source ""]
[Remark ""]

1.e4 c5 2.c3 Nf6 3.e5 Nd5 4.d4 cxd4 5.cxd4 Nc6 6.Nf3 d6 7.Bc4
e6 8.O-O Be7 9.Nbd2 dxe5 10.dxe5 O-O 11.Ne4 Qc7 12.Bxd5 exd5
13.Nc3 Nxe5 14.Nxd5 Nxf3+ 15.Qxf3 Qd7 16.Bf4 Bd6 17.Rfd1 Qe6
18.Bxd6 Qxd6 19.Rac1 Qe5 20.Re1 Qxb2 21.Ne7+ Kh8 22.Rxc8 Raxc8
23.Nxc8 Rxc8 24.Qxf7 h6 25.h3 Rc1 26.Qf8+ Kh7 27.Qf5+ Kh8 28.Qf8+ 1/2-1/2

[Event "Moscow Open 2009 C"]
[Site "?"]
[Date "2009.02.01"]
[Round "2.59"]
[White "Kisteneva, Liza"]
[Black "Grabovets, Nadezhda"]
[Result "1-0"]
[WhiteElo "1790"]
[BlackElo "1974"]
[Annotator ""]
[Source ""]
[Remark ""]

1.Nf3 Nf6 2.d4 d5 3.c4 c6 4.Nc3 a6 5.e3 Bg4 6.Be2 e6 7.O-O Nbd7
8.b3 Bd6 9.Bb2 O-O 10.Qc2 Qc7 11.h3 Bf5 12.Bd3 Bxd3 13.Qxd3 Rfe8
14.e4 dxe4 15.Nxe4 Nxe4 16.Qxe4 Nf6 17.Qc2 Be7 18.Rad1 Nd7 19.Rfe1
Bf6 20.Ne5 Bxe5 21.dxe5 Rad8 22.Rd6 c5 23.Red1 Nb8 24.Qd3 Nc6
25.Qe3 Rxd6 26.exd6 Qa5 27.Qg3 Nd4 28.Bxd4 cxd4 29.Rxd4 e5 30.Rd5
Qxa2 31.d7 Qa1+ 32.Kh2 Rd8 33.Rxe5 Kf8 34.Re8+ Rxe8 35.Qd6+ 1-0

[Event "Moscow Open 2009 C"]
[Site "?"]
[Date "2009.02.01"]
[Round "2.62"]
[White "Skakun, Valentina"]
[Black "Koroteeva, Ksenia"]
[Result "1-0"]
[WhiteElo "1700"]
[BlackElo "1951"]
[Annotator ""]
[Source ""]
[Remark ""]

1.d4 Nf6 2.c4 g6 3.Nc3 Bg7 4.e4 d6 5.Be2 O-O 6.Nf3 e5 7.O-O Nc6
8.dxe5 dxe5 9.Bg5 Be6 10.Qxd8 Rfxd8 11.Nd5 Bxd5 12.cxd5 Nb8 13.Nxe5
Re8 14.Bxf6 Bxf6 15.Ng4 Bg7 16.Bf3 Nd7 17.Rac1 Rac8 18.Rc2 h5
19.Ne3 Ne5 20.Nc4 Nd3 21.a3 b5 22.Na5 Nxb2 23.Nc6 a6 24.d6 cxd6
25.Ne7+ Rxe7 26.Rxc8+ Kh7 27.Ra8 Nc4 28.Rxa6 Bb2 29.a4 b4 30.Rc6
Nd2 31.Rd1 Bc3 32.Rxd6 b3 33.R6xd2 Bxd2 34.Rxd2 Rc7 35.Bd1 Rc1
36.Kf1 b2 37.Rxb2 Rxd1+ 38.Ke2 Ra1 39.Rb4 Ra2+ 40.Ke3 Kg7 41.e5
Ra3+ 42.Kf4 Ra2 43.Kg3 Ra3+ 44.f3 Ra2 45.f4 Ra3+ 46.Kh4 Ra2 47.Kh3
Ra3+ 48.g3 Ra2 49.Rc4 Ra3 50.Kh4 Ra2 51.h3 Ra1 52.g4 hxg4 53.hxg4
Rh1+ 54.Kg5 Ra1 55.Rc7 Rxa4 56.e6 Ra5+ 57.f5 gxf5 58.gxf5 Kg8
59.Rxf7 1-0

[Event "Moscow Open 2009 C"]
[Site "?"]
[Date "2009.02.01"]
[Round "2.64"]
[White "Artemenko, Rimma"]
[Black "Khabalonova, Tamara"]
[Result "0-1"]
[WhiteElo "1579"]
[BlackElo "1943"]
[Annotator ""]
[Source ""]
[Remark ""]

1.f4 d5 2.b3 c5 3.e3 Nc6 4.Bb2 Bf5 5.Nf3 a6 6.Be2 Nb4 7.d3 e6
8.a3 Nc6 9.O-O Nf6 10.Nbd2 Bd6 11.Ne5 Qc7 12.Ndf3 h6 13.Rc1 O-O
14.c4 Rac8 15.Nxc6 bxc6 16.Bxf6 gxf6 17.Nh4 Bg6 18.Bh5 Kh7 19.Kh1
Rg8 20.Nxg6 fxg6 21.Be2 Rb8 22.Qc2 Qb6 23.Rb1 Qc7 24.Rf3 d4 25.Qd2
a5 26.a4 Rb4 27.e4 Rgb8 28.Bd1 Rxa4 29.Bc2 Rab4 30.g3 a4 31.Qd1
Qb6 32.e5 Bf8 33.Qe2 f5 34.Qg2 axb3 35.Bd1 Qa5 36.Rf2 h5 37.Bf3
Qa3 38.Rfb2 Kg7 39.Bxc6 Kf7 40.h4 Be7 41.Kh2 Bd8 42.Bd7 R8b6
43.Bc6 Ke7 44.Bf3 Qa7 45.Qf1 Qb8 46.Ra1 Qc7 47.Ra8 Rb8 48.Qa1
Rxa8 49.Qxa8 Qb8 50.Qc6 Bb6 51.Bd1 Qa7 52.Qd6+ Kf7 53.Kh3 Qb7
54.Kh2 Ra4 55.Bxb3 Ra1 56.Rg2 Ba7 57.Bc2 Ra6 58.Qd8 Kg7 59.Qf6+
Kh7 60.Bd1 Qd7 61.Bf3 Qe8 62.Rb2 Rb6 63.Rxb6 Bxb6 64.Bb7 Bd8
65.Bc6 Qg8 66.Qxd8 Qxd8 0-1

[Event "Moscow Open 2009 C"]
[Site "?"]
[Date "2009.02.01"]
[Round "2.66"]
[White "Yakimova, Taisia V"]
[Black "Gavrjuchenkova, Angelina"]
[Result "0-1"]
[WhiteElo "1529"]
[BlackElo "1934"]
[Annotator ""]
[Source ""]
[Remark ""]

1.Nf3 Nf6 2.c4 g6 3.d3 Bg7 4.Nbd2 O-O 5.Rb1 d5 6.b3 e5 7.cxd5
Qxd5 8.e4 Qc5 9.h3 Nh5 10.Nc4 f5 11.b4 Qc6 12.Bb2 fxe4 13.Ncxe5
Qd6 14.Qb3+ Be6 15.Qc2 exf3 16.Nxf3 Qxb4+ 17.Nd2 Qe7 18.Be2 Nf4
19.Kf1 Bxb2 20.Rxb2 Nxe2 21.Nf3 Nf4 0-1

[Event "Moscow Open 2009"]
[Site "Moscow"]
[Date "2009.02.02"]
[Round "3.1"]
[White "Muzychuk, Anna"]
[Black "Chasovnikova, Eugenia"]
[Result "1-0"]
[WhiteElo "2540"]
[BlackElo "2302"]
[Annotator ""]
[Source ""]
[Remark ""]

1.e4 d5 2.exd5 Qxd5 3.Nc3 Qa5 4.d4 Nf6 5.Bc4 c6 6.Bd2 Qc7 7.Qe2
Bf5 8.Nf3 e6 9.Nh4 Bg6 10.f4 Bd6 11.f5 Bh5 12.Nf3 b5 13.Bd3 O-O
14.fxe6 Na6 15.Ne4 Nxe4 16.Bxe4 f5 17.Bd3 Nb4 18.Bxb4 Bxb4+ 19.c3
Bd6 20.O-O-O Rae8 21.Rde1 b4 22.Bc4 Kh8 23.Qd3 bxc3 24.Qxc3 Rb8
25.Ne5 Bb4 26.Qh3 Bxe1 27.Qxh5 g6 28.Qh6 Rf6 29.Rxe1 c5 30.e7
Qxe7 31.Nf7+ Rxf7 32.Rxe7 Rxe7 33.dxc5 1-0

[Event "Moscow Open 2009"]
[Site "Moscow"]
[Date "2009.02.02"]
[Round "3.2"]
[White "Bulmaga, Irina"]
[Black "Pogonina, Natalija"]
[Result "0-1"]
[WhiteElo "2300"]
[BlackElo "2467"]
[Annotator ""]
[Source ""]
[Remark ""]

1.e4 c5 2.Nf3 Nc6 3.Bb5 e6 4.O-O Nge7 5.c3 a6 6.Ba4 c4 7.d4 cxd3
8.Qxd3 b5 9.Bc2 Ng6 10.Nd4 Qc7 11.Be3 Nce5 12.Qe2 Nc4 13.Bc1
Bd6 14.g3 O-O 15.Nd2 Nb6 16.Qh5 Bb7 17.N2f3 f6 18.e5 Bxe5 19.Re1
Bxd4 20.Nxd4 f5 21.Bg5 Nc4 22.g4 fxg4 23.Bxg6 hxg6 24.Qxg4 Rxf2
25.Qh3 Rg2+ 26.Qxg2 Bxg2 27.Kxg2 Nxb2 0-1

[Event "Moscow Open 2009"]
[Site "Moscow"]
[Date "2009.02.02"]
[Round "3.3"]
[White "Paehtz, Elisabeth"]
[Black "Savina, Anastasia"]
[Result "1-0"]
[WhiteElo "2455"]
[BlackElo "2297"]
[Annotator ""]
[Source ""]
[Remark ""]

1.e4 c5 2.Nc3 e6 3.Nf3 a6 4.d4 cxd4 5.Nxd4 b5 6.Bd3 Bb7 7.O-O
Nc6 8.Nxc6 Bxc6 9.Re1 Bc5 10.Be3 Bxe3 11.Rxe3 d6 12.a4 b4 13.Ne2
Nf6 14.Nd4 Bd7 15.a5 O-O 16.Qe1 Qb8 17.h3 Rc8 18.e5 dxe5 19.Rxe5
Qd6 20.Rd1 Rc5 21.Rxc5 Qxc5 22.Nb3 Qh5 23.Qe2 Qxe2 24.Bxe2 Bb5
25.Bxb5 axb5 26.Rd6 Nd5 27.Rd7 g6 28.Rb7 Rc8 29.a6 Kg7 30.a7
Ra8 31.Nd4 1-0

[Event "Moscow Open 2009"]
[Site "Moscow"]
[Date "2009.02.02"]
[Round "3.4"]
[White "Ubiennykh, Ekaterina"]
[Black "Romanko, Marina"]
[Result "1/2-1/2"]
[WhiteElo "2285"]
[BlackElo "2451"]
[Annotator ""]
[Source ""]
[Remark ""]

1.e4 c5 2.Nf3 d6 3.d4 cxd4 4.Nxd4 Nf6 5.Nc3 a6 6.Be3 e5 7.Nb3
Be6 8.Qe2 Be7 9.O-O-O Nbd7 10.Rg1 Ng4 11.Nd5 Nxh2 12.g4 Nxf1
13.Qxf1 Bxd5 14.exd5 Bg5 15.f4 exf4 16.Bxf4 Qf6 17.Bxg5 Qxg5+
18.Kb1 O-O 19.Nd4 Nf6 20.Nf3 Qf4 21.Qh3 Ne4 22.Rdf1 Ng5 23.Nxg5
Qxg5 24.Rf5 Qg6 25.b3 Rac8 26.Kb2 Rfe8 27.Rg2 b5 28.Qf3 b4 29.g5
Rc3 30.Qf4 a5 31.a3 Rec8 32.axb4 axb4 33.Rf2 R3c7 34.Kb1 Qh5
35.Qd4 Qh1+ 36.Rf1 Qg2 37.R5f2 Qxg5 38.Re2 Rc5 39.Qxb4 Qxd5 40.Rfe1
g6 41.Rd2 Qa8 42.Qd4 Qa5 43.Rde2 Qa8 44.Qxd6 Ra5 45.Qf6 h5 46.Re7
Rf5 47.Qd4 Qc6 48.c4 Rf3 49.Kb2 Rb8 50.R1e3 Rf2+ 51.Kc3 Qa8 52.Qa7
Qxa7 53.Rxa7 Kg7 54.c5 h4 55.Ra4 g5 56.c6 f5 57.Re6 Rf3+ 58.Kc2
Kf7 59.Rh6 Kg7 60.Rd6 Rf2+ 61.Kc3 Rf3+ 62.Kc2 Rf2+ 63.Kc3 Rf3+ 1/2-1/2

[Event "Moscow Open 2009"]
[Site "Moscow"]
[Date "2009.02.02"]
[Round "3.5"]
[White "Gaponenko, Inna"]
[Black "Aketaeva, Dana"]
[Result "1/2-1/2"]
[WhiteElo "2450"]
[BlackElo "2283"]
[Annotator ""]
[Source ""]
[Remark ""]

1.e4 d6 2.d4 Nf6 3.Nc3 g6 4.f4 Bg7 5.Nf3 O-O 6.Bd3 Na6 7.O-O
c5 8.d5 Rb8 9.Kh1 Bg4 10.a3 Nc7 11.Qe1 b5 12.Qh4 c4 13.Be2 e6
14.dxe6 fxe6 15.Be3 a5 16.Bd4 Bxf3 17.Bxf3 Nd7 18.Qxd8 Rfxd8
19.Bxg7 Kxg7 20.b3 cxb3 21.cxb3 b4 22.axb4 axb4 23.Ne2 e5 24.Ra7
Nb5 25.Ra4 Nc5 26.Rxb4 Na3 27.Rxb8 Rxb8 28.fxe5 dxe5 29.Rc1 Nxb3
30.Rc7+ Kg8 31.h4 Nd2 32.Kg1 Rf8 33.Rc3 Nac4 34.Ng3 Rf4 35.h5
Kg7 36.hxg6 hxg6 37.Kf2 Nd6 38.Ke3 Nxf3 39.gxf3 Nb5 40.Rd3 Rf7
41.Ne2 Kf6 42.Rd5 Nc7 43.Rd6+ Kg5 44.Rc6 Re7 45.f4+ exf4+ 46.Nxf4
Kh6 47.Rxg6+ Kh7 48.Rg1 Rg7 49.Rd1 Re7 50.Rg1 Rg7 51.Rc1 Rg3+
52.Kd4 Ne8 53.e5 Rg4 54.Ke4 Ng7 55.Rc7 Kg8 56.Rc8+ Kf7 57.Kf3
Rg1 58.Rc7+ Kf8 59.Nd5 Rf1+ 60.Ke4 Re1+ 61.Ne3 Ne6 62.Ra7 Ke8
63.Ra3 Ke7 64.Rc3 Kd7 65.Rd3+ Ke7 66.Ra3 Re2 67.Ra7+ Kd8 68.Ra1
Ke8 69.Ra3 Kf8 70.Ra8+ Kf7 71.Ra7+ Kf8 72.Kf3 Nd4+ 73.Kf4 Nc6
74.Ra8+ Kf7 75.Ra3 Nxe5 76.Kxe5 Re1 77.Ra7+ Kg6 78.Kf4 Rb1 79.Ra6+
Kf7 80.Nd5 Rf1+ 81.Ke5 Re1+ 82.Kf5 Rf1+ 83.Nf4 Ke7 84.Rh6 Kd7
85.Ke5 Re1+ 86.Kd4 Rd1+ 87.Nd3 Ke7 88.Ra6 Rh1 89.Ke4 Kd7 90.Kd5
Ke7 91.Re6+ Kf7 92.Ne5+ Kg7 93.Rg6+ Kh7 94.Rg3 Ra1 95.Ke6 Ra6+
96.Kf5 Ra1 97.Nd7 Rf1+ 98.Ke6 Re1+ 99.Kf7 Kh6 100.Rg4 Re2 101.Rg1
Ra2 102.Kf6 Rf2+ 103.Ke6 Re2+ 104.Ne5 Ra2 105.Nf3 Ra6+ 106.Kf5
Ra5+ 107.Ne5 Rb5 108.Rg6+ Kh7 109.Re6 Rb1 110.Re7+ Kg8 111.Ng6
Rf1+ 112.Nf4 Ra1 113.Ne6 Rf1+ 114.Kg6 Rg1+ 115.Ng5 Kf8 116.Re2
Rg4 117.Re3 Rg1 118.Kf6 Rf1+ 119.Nf3 Ra1 120.Nd4 Rf1+ 121.Nf5
Ra1 122.Re6 Rf1 123.Re2 1/2-1/2